| 000 | 00866cam a22002895a 4500 | ||
|---|---|---|---|
| 001 | 016890109 | ||
| 003 | OSt | ||
| 005 | 20240818092958.0 | ||
| 008 | 141014t2015 enk fr 001 0 eng d | ||
| 020 | _a9781292058764 (paperback) | ||
| 020 | _a1292058765 (paperback) | ||
| 040 |
_aUk _beng _cUk _dEG-ScBUE |
||
| 082 | 0 | 4 |
_a519.5 _222 _bTRI |
| 100 | 1 |
_aTriola, Mario F. _910326 |
|
| 245 | 1 | 0 |
_aEssentials of statistics / _cMario F. Triola. |
| 250 | _a5th ed., Global ed. | ||
| 260 |
_aHarlow : _bPearson Education Limited, _cc.2015. |
||
| 300 |
_a688 p. : _bill. ; _c28 cm. |
||
| 500 | _aIndex : p. 679-688. | ||
| 650 | 7 |
_2BUEsh _92829 _aStatistics. |
|
| 651 | _2BUEsh | ||
| 653 |
_bENGGEN _cJune2015 _cOctober2015 |
||
| 942 |
_2ddc _hRDA-MOD |
||
| 999 |
_c19740 _d19712 |
||
| 336 |
_2rdacontent _atext _btxt |
||
| 337 |
_aunmediated _2rdamedia _bn |
||
| 338 |
_avolume _bnc _2rdacarrier |
||